000
00299nam a22001457a 4500
003
SGT
082
_a
809
_b
MCL
100
_a
MCLEISH,ROBERT
245
_a
RADIO PRODUCTION
250
_a
6TH
260
_a
NEW YORK
_b
FOCAL PRESS
_c
2016
300
_a
418
650
_a
RADIO PRODUCTION
942
_2
ddc
_c
BK
999
_c
8840
_d
8840